000 00604nam a2200229Ia 4500
003 OSt
005 20220926040630.0
006 a|||||r|||| 00| 0
007 ta
008 220923b |||||||| |||| 00| 0 eng d
037 _cGeneral Book
040 _aRTL
_cRTL
_beng
041 _2eng
_aeng
082 _aX:9r3, H4
110 _aGreat Britain, Government of ....
_9108056
245 0 _aEmployment policy
260 _c1944
650 _aLabour Economics
_921364
700 _aGreat Britain, Government of ....
_9108057
942 _hX:9r3, H4
_cGB
_2CC
999 _c665288
_d665288